000 02130nam a2200493 cb4500
001 BV049091514
003 DE-604
005 20240408185622.0
006 a |||| 10|||
007 cr|uuu---uuuuu
008 230807s2023 gw |||| o||u| ||||||ger d
020 _a9783111085739
_9978-3-11-108573-9
020 _a9783111086156
_9978-3-11-108615-6
020 _a3111085384
_93-11-108538-4
035 _a(OCoLC)1401180050
035 _a(DE-599)BVBBV049091514
040 _aDE-604
_bger
_cRU-10907106
041 0 _ager
044 _agw
_cXA-DE-BE
111 2 _aDiskriminierung von Christen in den 1960er Jahren der DDR (Veranstaltung)
_d2021
_cJena
_jVerfasser
_0(DE-588)1295938014
_4aut
_961325
245 1 0 _aVerfolgung - Diskriminierung - Emanzipation
_bHomosexualität(en) in Deutschland und Europa 1945 bis 2000
_cherausgegeben von Michael Mayer und Michael Schwartz
264 1 _aBerlin ; Boston
_bDe Gruyter Oldenbourg
_c2023
264 4 _c© 2023
300 _a1 Online-Ressource (VII, 245 Seiten)
_bIllustrationen
336 _aText
_btxt
_2rdacontent
337 _aComputermedien
_bc
_2rdamedia
338 _aOnline-Ressource
_bcr
_2rdacarrier
490 0 _aSchriftenreihe der Vierteljahrshefte für Zeitgeschichte
_vBand 126
500 _aE-Book / Zugriff nur im DHI-Lesesaal
648 7 _a1945-2000
_2gnd
_912607
650 0 7 _aHomosexualität
_0(DE-588)4025798-8
_2gnd
_91221
650 0 7 _aVerfolgung
_2gnd
_93033
650 0 7 _aDiskriminierung
_2gnd
650 0 7 _aEmanzipation
_2gnd
_97373
651 7 _aDeutschland
_2gnd
651 7 _aEuropa
_0(DE-588)4015701-5
_2gnd
655 7 _aKonferenzschrift
_y2017
_zTutzing
_2gnd-content
_961322
700 1 _aMayer, Michael
_d1974-
_eHerausgeber
_0(DE-588)132240807
_4edt
_961326
700 1 _aSchwartz, Michael
_d1963-
_eHerausgeber
_0(DE-588)133931374
_4edt
_924794
710 2 _aAkademie für Politische Bildung (Tutzing)
_eVeranstalter
_0(DE-588)2003667-X
_4orm
_961327
856 _uhttps://doi.org/10.1515/9783111085739
_zVolltext
856 _uhttps://www.degruyter.com/document/doi/10.1515/9783111085739/html
_zvolltext
942 1 1 _cEB
_2z
999 _c70446
_d70446